000
00249nam a2200097Ia 4500
001
689155
005
20250826161629.0
008
250824s9999 xx 000 0 und d
245
0
_a
EVE GİDEN KÜÇÜK TREN
_c
BEHİÇ AK
260
_b
GÜNIŞIĞI YAYINLARI
999
_c
689155
_d
689155